La liste des Bleus - Coupe du Monde 2018 - Statistiques

Statistiques générales
  • Ce quiz a été pris 380 fois
  • Le résultat moyen est 20 sur 23
Statistiques - réponses
Réponse % Correct
Hugo Lloris
100%
N'golo Kanté
100%
Antoine Griezmann
99%
Kylian Mbappé
99%
Olivier Giroud
99%
Benjamin Pavard
98%
Steve Mandanda
98%
Paul Pogba
97%
Lucas Hernandez
95%
Raphaël Varane
95%
Alphonse Areola
94%
Samuel Umtiti
90%
Ousmane Dembélé
89%
Adil Rami
87%
Blaise Matuidi
83%
Florian Thauvin
78%
Steven Nzonzi
75%
Benjamin Mendy
74%
Presnel Kimpembe
73%
Nabil Fekir
69%
Corentin Tolisso
65%
Djibril Sidibé
61%
Thomas Lemar
57%
Aucun quiz correspondant
Distribution des résultats
% des personnes avec chaque résultat
Percentile par nombre de réponses
Votre historique - résultats
Vous n’avez pas pris ce quiz